000 00605cam a22002173a 4500
001 46002
003 PGUSA
005 20140828084056.0
008 140616s2014||||xxu|||||s|||||000 | eng d
040 _aPGUSA
_beng
042 _adc
100 1 _aStawell, Rodolph
_cMrs
245 1 0 _aMotor tours in Yorkshire
_h[electronic resource] /
_cRodolph Stawell
260 _bProject Gutenberg,
_c2014
506 _aPublic domain in the USA.
516 _aElectronic text
700 1 _aStawell, R. de S.
830 0 _aProject Gutenberg
_v46002
856 4 0 _uhttp://www.gutenberg.org/ebooks/46002
942 _cEB
999 _c275251
_d275251